Group F - Saudi Arabia AFC Asian Cup Squad - Statistics

General Stats
  • This quiz has been taken 6 times
  • The average score is 16 of 27
Answer Stats
# Position Club Player Name % Correct
24 MF Al-Hilal Nasser Al-Dawsari
100%
10 MF Al-Hilal Salem Al-Dawsari
100%
18 MF Al-Nassr Abdulrahman Ghareeb
75%
17 DF Al-Hilal Hassan Al-Tambakti
75%
23 MF Al-Hilal Mohamed Kanno
75%
- Coach - Roberto Mancini
75%
8 MF Al-Hilal Abduellah Al-Malki
50%
15 MF Al-Nassr Abdullah Al-Khaibari
50%
20 FW Al-Shabab Abdullah Radif
50%
22 GK Al-Fayha Ahmed Al-Kassar
50%
5 DF Al-Hilal Ali Al-Bulaihi
50%
4 DF Al-Nassr Ali Lajami
50%
3 DF Al-Taawoun Awn Al-Saluli
50%
6 MF Al-Okhood Eid Al-Muwallad
50%
26 MF Al-Ittihad Faisal Al-Ghamdi
50%
2 DF Al-Shabab Fawaz Al-Sqoor
50%
9 FW Al-Ahli Firas Al-Buraikan
50%
13 DF Al-Ittihad Hassan Kadesh
50%
25 DF Al-Hilal Mohammed Al-Breik
50%
1 GK Al-Ahli Mohammed Al-Rubaie
50%
7 MF Al-Fateh Mukhtar Ali
50%
21 GK Al-Nassr Raghed Al-Najjar
50%
19 DF Al-Ahli Rayane Hamidou
50%
11 FW Al-Hilal Saleh Al-Shehri
50%
16 MF Al-Nassr Sami Al-Najei
50%
12 DF Al-Hilal Saud Abdulhamid
50%
14 FW Al-Ittihad Talal Haji
50%
No matching quizzes found
Score Distribution
Percent of People with Each Score
Percentile by Number Answered
Your Score History
You have not taken this quiz